[Event "Another standard tournament"]
[Site "SchemingMind.com"]
[Date "2004.12.08"]
[Round "-"]
[White "refutor"]
[Black "Gary"]
[Result "1/2-1/2"]
[WhiteCountry "CAN"]
[BlackCountry "ENG"]
[WhiteElo "1537"]
[WhiteRD "54"]
[BlackElo "1692"]
[BlackRD "56"]
[GameID "5975"]

1. Nf3 d5 2. d4 Nf6 3. c4 dxc4 4. e3 b5 5. a4 c6 6. axb5 cxb5 7. b3 cxb3 8. Qxb3 e6 9. Bxb5+ Bd7 10. Ne5 Be7
11. O-O O-O 12. Nxd7 Nbxd7 13. Ba3 Rb8 14. Qc4 Nb6 15. Qd3 Nbd5 16. Bxe7 Qxe7 17. Bc4 Rfc8 18. Na3 Nb4 19. Qe2 a5 20. Ba6 Rc6
21. Bb5 Rc7 22. Nc4 Rxb5 23. Nxa5 Rb8 24. Rfc1 Rbc8 25. Rxc7 Rxc7 26. Nb3 h6 27. Nc5 Nbd5 28. Qb5 Nc3 29. Ra8+ Kh7 30. Qd3+ Nce4
31. f3 Rxc5 32. dxc5 Qxc5 33. fxe4 Qc6 34. e5+ Qe4 35. Qxe4+ Nxe4 36. Ra7 Kg6 37. Kf1 Nd2+ 38. Ke2 Nc4 39. Kf3 Nxe5+= 40. Ke4 Ng4
41. h3 f5+ 42. Kf3 Ne5+ 43. Kf4=
1/2-1/2

[Event "Another standard tournament"]
[Site "SchemingMind.com"]
[Date "2004.12.08"]
[Round "-"]
[White "Gary"]
[Black "refutor"]
[Result "1/2-1/2"]
[WhiteCountry "ENG"]
[BlackCountry "CAN"]
[WhiteElo "1692"]
[WhiteRD "56"]
[BlackElo "1537"]
[BlackRD "54"]
[GameID "5976"]

1. c4 c6 2. Nf3 d5 3. e3 Nf6 4. Be2 Bg4 5. b3 Bxf3 6. Bxf3 dxc4 7. bxc4 e5 8. d3 Bb4+ 9. Bd2 Qe7 10. O-O O-O
11. Nc3 Nbd7 12. Qb3 Bxc3 13. Bxc3 Nc5 14. Qc2 Rad8 15. Rad1 e4 16. Bxf6 Qxf6 17. dxe4 Qe5 18. Rd2 Rxd2 19. Qxd2 Nxe4 20. Bxe4 Qxe4
21. Qd4 Qxd4 22. exd4 Rd8 23. Rd1 f5 24. f4 Kf7 25. Kf2 Ke6 26. Kf3 g6 27. h3 b6 28. g4 h6 29. h4 h5 30. g5=
1/2-1/2

[Event "Another standard tournament"]
[Site "SchemingMind.com"]
[Date "2004.12.08"]
[Round "-"]
[White "rabbit"]
[Black "Gary"]
[Result "0-1"]
[WhiteCountry "USA"]
[BlackCountry "ENG"]
[WhiteElo "1743"]
[WhiteRD "150"]
[BlackElo "1692"]
[BlackRD "56"]
[GameID "5979"]

1. e4 c5 2. Nc3 Nc6 3. Nge2 g6 4. d4 cxd4 5. Nxd4 Bg7 6. Be3 d6 7. Bb5 Bd7 8. O-O Nf6 9. Qf3 O-O 10. Bxc6 bxc6
11. e5 dxe5 12. Nxc6 Bxc6 13. Qxc6 Rc8 14. Qa6 Nd5 15. Rfd1 e6 16. Qxa7 Rc7 17. Qa5 Rc8 18. Qxd8 Rfxd8 19. a4 Nxe3 20. Rxd8+ Rxd8
21. fxe3 Rd2 22. Rd1 Rxc2 23. Rd8+ Bf8 24. a5 Kg7 25. a6 Bc5 26. Rd3 Rxb2 27. Na4 Rb1+ 28. Kf2 Ba7 29. Rd7 Ra1 30. Rxa7 Rxa4
31. h3 h5 32. Ke2 g5 33. Kd3 Kg6 34. Kc3 f5 35. Kb3 Ra1 36. Kb2 Ra5 37. Kb3 f4 38. exf4 exf4 39. Kb4 Ra2 40. Ra8 Rxg2
41. a7 Ra2 42. Rg8+ Kf5 43. a8=Q Rxa8 44. Rxa8 f3 45. Kc3 Kf4 46. Kd2 Kg3 47. Rf8 g4 48. hxg4 hxg4 49. Re8 f2 50. Ke2 Kg2
0-1

[Event "Another standard tournament"]
[Site "SchemingMind.com"]
[Date "2004.12.08"]
[Round "-"]
[White "rabbit"]
[Black "refutor"]
[Result "1/2-1/2"]
[WhiteCountry "USA"]
[BlackCountry "CAN"]
[WhiteElo "1743"]
[WhiteRD "150"]
[BlackElo "1537"]
[BlackRD "54"]
[GameID "5980"]

1. e4 c5 2. c3 d5 3. exd5 Qxd5 4. Nf3 Bg4 5. Be2 Nf6 6. d4 cxd4 7. cxd4 Nc6 8. O-O e6 9. Nc3 Qd8 10. Qb3 Bxf3
11. Bxf3 Qb6 12. Qxb6 axb6 13. Be3 Bb4 14. Rac1 O-O 15. a3 Bd6 16. d5 Nxd5 17. Bd2 Nxc3 18. Bxc3 Bf4 19. Rcd1 Rad8 20. Rfe1 Rxd1
21. Rxd1 Rd8 22. Rxd8+ Nxd8 23. a4 Nc6 24. b4 Bd6 25. b5 Nd8 26. a5 bxa5 27. Bxa5 Be7 28. Bxd8 Bxd8 29. Bxb7 Kf8=
1/2-1/2

[Event "Another standard tournament"]
[Site "SchemingMind.com"]
[Date "2004.12.08"]
[Round "-"]
[White "Gary"]
[Black "rabbit"]
[Result "0-1"]
[WhiteCountry "ENG"]
[BlackCountry "USA"]
[WhiteElo "1692"]
[WhiteRD "56"]
[BlackElo "1743"]
[BlackRD "150"]
[GameID "5981"]

1. c4 e5 2. Nf3 Nc6 3. Nc3 Nf6 4. e3 Bb4 5. Be2 O-O 6. O-O d6 7. a3 Bxc3 8. bxc3 d5 9. cxd5 Nxd5 10. Bb2 e4
11. Ne1 Be6 12. f3 f5 13. Qc2 Qh4 14. g3 Qh6 15. fxe4 fxe4 16. Qxe4 Nb6 17. Nf3 Bh3 18. Rf2 Rae8 19. Qh4 Qxh4 20. Nxh4 Rxf2
21. Kxf2 Nd5 22. Bc4 Be6 23. e4 Rf8+ 24. Ke2 Nxc3+ 25. Bxc3 Bxc4+ 26. d3 Be6 27. Rb1 Bg4+ 28. Ke3 b6 29. Rb5 Bd7 30. Rd5 Rf7
31. Nf5 Be6 32. Rb5 a6 33. Rb1 Bxf5 34. exf5 Rxf5 35. h4 b5 36. g4 Rc5 37. Bd4 Rc2 38. Rb2 Nxd4
0-1

[Event "Another standard tournament"]
[Site "SchemingMind.com"]
[Date "2004.12.09"]
[Round "-"]
[White "refutor"]
[Black "rabbit"]
[Result "0-1"]
[WhiteCountry "CAN"]
[BlackCountry "USA"]
[WhiteElo "1537"]
[WhiteRD "54"]
[BlackElo "1743"]
[BlackRD "150"]
[GameID "5982"]

1. f4 d5 2. Nf3 Nf6 3. e3 e6 4. b3 Bd7 5. Bb2 Be7 6. c4 O-O 7. Ne5 Nc6 8. cxd5 exd5 9. Nxd7 Qxd7 10. Bb5 a6
11. Bxc6 Qxc6 12. O-O Rad8 13. Nc3 d4 14. exd4 Rxd4 15. Ne2 Rd5 16. Nc3 Rd3 17. Qe2 Qd6 18. Ne4 Qb6+ 19. Kh1 Rfd8 20. Nf2 Rxd2
21. Qxe7 Re8 22. Qa3 Rxf2 23. Bxf6 Qxf6 24. Rae1 Rxf1+ 25. Rxf1 Qxf4 26. Kg1 Qd4+ 27. Kh1 Qf2 28. Qc1 Qxa2 29. Qxc7 Qxb3 30. Qd7 Rf8
31. h3 Qb4 32. Kh2 b5 33. Qa7 a5 34. Rf2 a4
0-1

[Event "Another standard tournament"]
[Site "SchemingMind.com"]
[Date "2004.12.08"]
[Round "-"]
[White "startstek"]
[Black "Gary"]
[Result "1/2-1/2"]
[WhiteCountry "ALG"]
[BlackCountry "ENG"]
[WhiteElo "1598"]
[WhiteRD "267"]
[BlackElo "1711"]
[BlackRD "62"]
[GameID "5986"]

1. e4 c5 2. Nf3 d6 3. d4 cxd4 4. Nxd4 Nf6 5. Nc3 a6 6. Bg5 e5 7. Nde2 Be7 8. g3 O-O 9. Bg2 Nc6 10. h3 Nxe4
11. Bxe7 Nxc3 12. Qxd6 Qxe7 13. Qxe7 Nxe7 14. Nxc3 Rb8=
1/2-1/2

[Event "Another standard tournament"]
[Site "SchemingMind.com"]
[Date "2004.12.08"]
[Round "-"]
[White "startstek"]
[Black "refutor"]
[Result "1-0"]
[WhiteCountry "ALG"]
[BlackCountry "CAN"]
[WhiteElo "1851"]
[WhiteRD "128"]
[BlackElo "1537"]
[BlackRD "54"]
[GameID "5987"]

1. e4 c5 2. Nf3 Nc6 3. d4 cxd4 4. Nxd4 g6 5. c4 Bg7 6. Be3 Nf6 7. Nc3 Ng4 8. Qxg4 Nxd4 9. Qd1 Ne6 10. Rc1 O-O
11. Be2 b6 12. O-O Bb7 13. f3 Nc5 14. Qd2 Qc7 15. b4 Ne6 16. Nd5 Qd6 17. Rfd1 Bxd5 18. exd5 Nc7 19. c5 bxc5 20. bxc5 Qe5
21. Bf4 Qd4+ 22. Qxd4 Bxd4+ 23. Rxd4 Nb5 24. Rb4 g5 25. Bxg5 Nc7 26. Bxe7 Rfe8 27. Rg4+
1-0

[Event "Another standard tournament"]
[Site "SchemingMind.com"]
[Date "2004.12.08"]
[Round "-"]
[White "startstek"]
[Black "rabbit"]
[Result "1/2-1/2"]
[WhiteCountry "ALG"]
[BlackCountry "USA"]
[WhiteElo "1851"]
[WhiteRD "128"]
[BlackElo "1743"]
[BlackRD "150"]
[GameID "5988"]

1. e4 e5 2. Nf3 Nc6 3. Bb5 a6 4. Ba4 b5 5. Bb3 Nf6 6. O-O Bd6 7. Re1 O-O 8. c3 Re8 9. d3 Bb7 10. Nbd2 Bc5
11. h3 d6 12. Nf1 h6 13. Ng3 Qe7 14. Nf5 Qf8 15. N3h4 Kh8 16. g4 Na5 17. Bc2 d5 18. b4 Bb6 19. bxa5 Bxa5 20. Bd2 dxe4
21. dxe4 g5 22. Ng2 Rad8 23. Qe2 Bxe4 24. Bxe4 Nxe4 25. Qxe4 Rxd2 26. Qe3 Rc2 27. Rec1 Bb6 28. Rxc2 Bxe3 29. Ngxe3 Rd8 30. Rd1 Rxd1+
31. Nxd1 Kh7 32. Nde3 Qd8 33. Kf1 Qd3+ 34. Kg2 a5 35. Rc1 Qe4+ 36. f3 Qd3 37. Kg3 Qd2 38. Rc2 Qd7 39. h4 gxh4+ 40. Kxh4 e4
41. f4 c5 42. Kg3 Qd3 43. c4 bxc4 44. Rxc4 Qb1 45. Rc2 Qg1+ 46. Rg2=
1/2-1/2

[Event "Another standard tournament"]
[Site "SchemingMind.com"]
[Date "2004.12.08"]
[Round "-"]
[White "Gary"]
[Black "startstek"]
[Result "0-1"]
[WhiteCountry "ENG"]
[BlackCountry "ALG"]
[WhiteElo "1692"]
[WhiteRD "56"]
[BlackElo "1851"]
[BlackRD "128"]
[GameID "5989"]

1. c4 e5 2. Nf3 Nc6 3. Nc3 Nf6 4. g3 g6 5. Bg2 Bg7 6. O-O O-O 7. d3 d6 8. a3 a5 9. Rb1 h6 10. b4 axb4
11. axb4 Be6 12. Bd2 Qd7 13. Qc1 Kh7 14. Re1 Nh5 15. e4 f5 16. Ne2 fxe4 17. dxe4 Bg4 18. Nh4 g5 19. Nf5 Bxf5 20. exf5 Qxf5
21. Nf4 Nf6 22. Nd5 Kh8 23. Nxc7 Ra2 24. Rb2 Rxb2 25. Qxb2 Ne8 26. Nxe8 Qxf2+ 27. Kh1 Rxe8 28. Rf1 Qd4 29. Qxd4 exd4 30. Bd5 Re2
31. Be1 Rb2 32. b5 Ne5 33. Bf2 Ng4 34. Kg1 d3 35. Bxb7 Nxf2 36. Rxf2 Bd4
0-1

[Event "Another standard tournament"]
[Site "SchemingMind.com"]
[Date "2004.12.09"]
[Round "-"]
[White "refutor"]
[Black "startstek"]
[Result "0-1"]
[WhiteCountry "CAN"]
[BlackCountry "ALG"]
[WhiteElo "1537"]
[WhiteRD "54"]
[BlackElo "1851"]
[BlackRD "128"]
[GameID "5990"]

1. e4 e5 2. Nf3 Nc6 3. Bb5 a6 4. Ba4 Nf6 5. O-O Be7 6. Re1 b5 7. Bb3 d6 8. c3 O-O 9. h3 Na5 10. Bc2 c5
11. d4 Qc7 12. Nbd2 Nc6 13. d5 Nd8 14. Nf1 Ne8 15. Ng3 g6 16. Bh6 Ng7 17. a4 Rb8 18. axb5 axb5 19. b3 f6 20. c4 b4
21. Ra4 Bd7 22. Qd2 Bxa4 23. bxa4 Nf7 24. Bb3 Nxh6 25. Qxh6 f5 26. exf5 Nxf5 27. Nxf5 Rxf5 28. Nh4 Bxh4 29. Qxh4 Rbf8 30. Rf1 Rf4
31. Qg5 Qf7 32. Qg3 e4 33. h4 Qf5 34. a5 Qh5 35. a6 Rxh4 36. f4 Rh1+ 37. Kf2 Rxf1+ 38. Kxf1 Qf5 39. a7 Qxf4+ 40. Qxf4 Rxf4+
41. Ke2 Rf8 42. Ba4 Ra8
0-1

[Event "Another standard tournament"]
[Site "SchemingMind.com"]
[Date "2004.12.08"]
[Round "-"]
[White "rabbit"]
[Black "startstek"]
[Result "1-0"]
[WhiteCountry "USA"]
[BlackCountry "ALG"]
[WhiteElo "1743"]
[WhiteRD "150"]
[BlackElo "1851"]
[BlackRD "128"]
[GameID "5991"]

1. e4 e5 2. Nf3 Nc6 3. Nc3 Nf6 4. d4 exd4 5. Nxd4 Bb4 6. Nxc6 bxc6 7. Bd3 d5 8. exd5 Qe7+ 9. Qe2 Qxe2+ 10. Kxe2 cxd5
11. Nb5 Kd8 12. Bg5 Re8+ 13. Kf1 c6 14. Nd4 Bd7 15. Bxf6+ gxf6 16. Bxh7 Re5 17. Nf3 Re7 18. c3 Bc5 19. Re1 Rxe1+ 20. Kxe1 Rb8
21. b3 Kc7 22. Bd3 Re8+ 23. Kd1 Bxf2 24. Rf1 Bb6 25. Nd4 Bxd4 26. cxd4 Rh8 27. h3 Rh6 28. Kc2 Kb6 29. b4 a5 30. bxa5+ Kxa5
31. Kd2 Be6 32. Ke3 Kb6 33. Rb1+ Kc7 34. a4 Rh8 35. a5 Ra8 36. a6 Bc8 37. Ra1 Kb6 38. g4 Ka7 39. Rb1 Rb8 40. Rxb8 Kxb8
41. Bf5
1-0

[Event "Another standard tournament"]
[Site "SchemingMind.com"]
[Date "2004.12.09"]
[Round "-"]
[White "IncitatoX"]
[Black "Gary"]
[Result "0-1"]
[WhiteCountry "ARG"]
[BlackCountry "ENG"]
[WhiteElo "1353"]
[WhiteRD "87"]
[BlackElo "1692"]
[BlackRD "56"]
[GameID "6004"]

1. e4 c5 2. Nf3 d6 3. c3 Nc6 4. h3 Nf6 5. Be2 g6 6. d3 Bg7 7. Bg5 O-O 8. Qd2 Re8 9. Bh6 Bh8 10. g4 b5
11. g5 Nh5 12. Nh4 Ng7 13. f4 e6 14. O-O f5 15. d4 cxd4 16. cxd4 Qb6 17. Kh2 Qxd4 18. Qxd4 Nxd4 19. Bxb5 Nxb5 20. Nd2 Nh5
21. Rac1 Bxb2 22. Rb1 Bc3 23. Rxb5 Bxd2 24. e5 Bxf4+ 25. Kg2 Ba6 26. exd6 Bxb5 27. Rb1 Bc6+ 28. Kf2 Bxd6 29. Rd1 Bg3+ 30. Ke3 Bxh4
31. Rd6 f4+ 32. Kd4 Rad8
0-1

[Event "Another standard tournament"]
[Site "SchemingMind.com"]
[Date "2004.12.09"]
[Round "-"]
[White "IncitatoX"]
[Black "startstek"]
[Result "0-1"]
[WhiteCountry "ARG"]
[BlackCountry "ALG"]
[WhiteElo "1353"]
[WhiteRD "87"]
[BlackElo "1851"]
[BlackRD "128"]
[GameID "6005"]

1. e4 e5 2. Nf3 Nc6 3. Bb5 a6 4. Ba4 Nf6 5. d3 b5 6. Bb3 Be7 7. Bg5 d6 8. h3 Na5 9. c3 Nxb3 10. Qxb3 Be6
11. Qd1 O-O 12. O-O Ne8 13. Bxe7 Qxe7 14. d4 f5 15. dxe5 fxe4 16. exd6 Nxd6 17. Nd4 Bd7 18. Qb3+ Kh8 19. Nd2 Qg5 20. f4 Rxf4
21. Rxf4 Qxf4 22. Rf1 Qxd2 23. Qd5 Re8 24. Qh5 g6 25. Qc5 Nf5 26. Qxc7 Nxd4 27. Rf7 Ne6 28. Rxd7 Qe3+
0-1

[Event "Another standard tournament"]
[Site "SchemingMind.com"]
[Date "2004.12.09"]
[Round "-"]
[White "IncitatoX"]
[Black "refutor"]
[Result "0-1"]
[WhiteCountry "ARG"]
[BlackCountry "CAN"]
[WhiteElo "1353"]
[WhiteRD "87"]
[BlackElo "1537"]
[BlackRD "54"]
[GameID "6006"]

1. e4 c5 2. Nf3 Nc6 3. c3 d5 4. exd5 Qxd5 5. d3 Bg4 6. c4 Bxf3 7. gxf3 Qh5 8. Be3 Ne5 9. Be2 Qf5 10. Qa4+ Qd7
11. Nc3 Qxa4 12. Nxa4 e6 13. f4 Ng6 14. Nxc5 Bxc5 15. Bxc5 Nxf4 16. Be3 Nxe2 17. Kxe2 Nf6 18. Rhg1 g6 19. Bg5 Nd7 20. d4 O-O
21. b4 Nb6 22. Kd3 Rac8 23. Rac1 a6 24. c5 Nd5 25. a3 b5 26. Rge1 Kg7 27. Ke4 Nf6+ 28. Bxf6+ Kxf6 29. d5 exd5+ 30. Kd4 Kf5
31. Re5+ Kf4 32. Rxd5 f5 33. c6 Rf6 34. c7 Rf7 35. Rc3 Rcxc7 36. Rxc7 Rxc7 37. h3 Kf3 38. a4 Rc4+ 39. Ke5 bxa4 40. b5 axb5
41. Rxb5 Rh4 42. Ra5 Kxf2 43. Rc5 a3 44. Rc2+ Ke1 45. Ra2 Rxh3 46. Ra1+ Kd2 47. Ra2+ Kc1 48. Rg2 Re3+ 49. Kd4 Rh3 50. Rg1+ Kd2
51. Rg2+ Ke1 52. Ra2 f4
0-1

[Event "Another standard tournament"]
[Site "SchemingMind.com"]
[Date "2004.12.09"]
[Round "-"]
[White "IncitatoX"]
[Black "rabbit"]
[Result "0-1"]
[WhiteCountry "ARG"]
[BlackCountry "USA"]
[WhiteElo "1351"]
[WhiteRD "93"]
[BlackElo "2034"]
[BlackRD "218"]
[GameID "6007"]

1. e4 e5 2. Nf3 Nc6 3. Bb5 a6 4. Ba4 b5 5. Bb3 Nf6 6. c4 Nxe4 7. cxb5 axb5 8. O-O Nc5 9. Nxe5 Nxe5 10. Re1 Bd6
11. Qh5 Nxb3 12. d4 Nxa1 13. dxe5 Bb4 14. Bg5 g6 15. Qh6 Qxg5 16. Qxg5 Bxe1 17. Qf6 O-O 18. h4 Ra6
0-1

[Event "Another standard tournament"]
[Site "SchemingMind.com"]
[Date "2004.12.09"]
[Round "-"]
[White "Gary"]
[Black "IncitatoX"]
[Result "1-0"]
[WhiteCountry "ENG"]
[BlackCountry "ARG"]
[WhiteElo "1711"]
[WhiteRD "62"]
[BlackElo "1351"]
[BlackRD "93"]
[GameID "6008"]

1. c4 e5 2. Nc3 Nf6 3. Nf3 Nc6 4. g3 e4 5. Ng5 h6 6. Ngxe4 Bb4 7. Bg2 O-O 8. O-O Bxc3 9. bxc3 d6 10. d4 Bf5
11. Nxf6+ Qxf6 12. e4 Bd7 13. Rb1 Ne7 14. Rxb7 Bc6 15. Rxc7 Rac8 16. Rxa7 Ng6 17. e5 Bxg2 18. exf6 Bxf1 19. fxg7 Kxg7 20. Qxf1
1-0

[Event "Another standard tournament"]
[Site "SchemingMind.com"]
[Date "2004.12.09"]
[Round "-"]
[White "startstek"]
[Black "IncitatoX"]
[Result "1-0"]
[WhiteCountry "ALG"]
[BlackCountry "ARG"]
[WhiteElo "1860"]
[WhiteRD "129"]
[BlackElo "1364"]
[BlackRD "83"]
[GameID "6009"]

1. e4 e5 2. Nf3 Nc6 3. Bb5 d6 4. d4 exd4 5. Nxd4 Bd7 6. Nc3 a6 7. Bxc6 bxc6 8. O-O c5 9. Nb3 Nf6 10. Re1 Be7
11. e5 dxe5 12. Rxe5 O-O 13. Bg5 Bd6 14. Re1 c4 15. Nd2 h6 16. Bxf6 Qxf6 17. Nce4 Qh4 18. Nxd6 cxd6 19. Re4 Qf6 20. Nxc4 Bc6
21. Rd4 Qg6 22. g3 d5 23. Na5 Rac8 24. Nxc6 Rxc6 25. c3 Re6 26. Rxd5 Kh7 27. Qd3 Qxd3 28. Rxd3 Rfe8 29. Kf1 Re2 30. b4 Rb2
31. a4 Ree2 32. Rf3 Rec2 33. b5 axb5 34. axb5 Rxb5 35. Ra7 f6 36. Kg2 Rb3 37. Rxf6 Rbb2 38. Rff7 Kg6 39. Rxg7+ Kh5 40. Ra5+
1-0

[Event "Another standard tournament"]
[Site "SchemingMind.com"]
[Date "2004.12.09"]
[Round "-"]
[White "refutor"]
[Black "IncitatoX"]
[Result "1-0"]
[WhiteCountry "CAN"]
[BlackCountry "ARG"]
[WhiteElo "1526"]
[WhiteRD "57"]
[BlackElo "1351"]
[BlackRD "93"]
[GameID "6010"]

1. d4 Nf6 2. c4 g6 3. Nc3 d5 4. Nf3 Bg7 5. Qb3 c6 6. Bf4 O-O 7. e3 dxc4 8. Qxc4 Be6 9. Qd3 b5 10. Be2 Bc4
11. Qc2 Be6 12. O-O b4 13. Ne4 Nxe4 14. Qxe4 Bd5 15. Qd3 Nd7 16. b3 c5 17. Rac1 a5 18. dxc5 Bxf3 19. Bxf3 e5 20. Bxa8 exf4
21. c6 fxe3 22. Qxd7 exf2+ 23. Kh1 Qxd7 24. cxd7 Rxa8 25. Rc8+
1-0

[Event "Another standard tournament"]
[Site "SchemingMind.com"]
[Date "2004.12.09"]
[Round "-"]
[White "rabbit"]
[Black "IncitatoX"]
[Result "1-0"]
[WhiteCountry "USA"]
[BlackCountry "ARG"]
[WhiteElo "2034"]
[WhiteRD "218"]
[BlackElo "1351"]
[BlackRD "93"]
[GameID "6011"]

1. e4 e5 2. Nf3 Nc6 3. d4 exd4 4. Nxd4 Nge7 5. Nc3 d6 6. Be3 Ne5 7. Be2 Bd7 8. O-O a6 9. f4 N5c6 10. f5 Nxd4
11. Qxd4 c5 12. Qxd6 Nxf5 13. Qe5+ Ne7 14. Bh5 Be6 15. Qxe6 g6 16. Qxf7+ Kd7 17. Bf4 Kc8 18. Rad1 Qb6 19. Bg4+ Nf5 20. Qd7#
1-0

[Event "Another standard tournament"]
[Site "SchemingMind.com"]
[Date "2004.12.09"]
[Round "-"]
[White "spoke"]
[Black "Gary"]
[Result "1/2-1/2"]
[WhiteCountry "GER"]
[BlackCountry "ENG"]
[WhiteElo "1720"]
[WhiteRD "68"]
[BlackElo "1711"]
[BlackRD "62"]
[GameID "6031"]

1. e4 c5 2. Nf3 d6 3. d4 cxd4 4. Qxd4 Nc6 5. Bb5 Bd7 6. Bxc6 Bxc6 7. O-O Nf6 8. Nc3 e6 9. Bg5 Be7 10. e5 dxe5
11. Qxd8+ Rxd8 12. Nxe5 Rc8 13. Rad1 O-O 14. Rd2 h6 15. Bh4 g5 16. Bg3 Nh5 17. Nxc6 Rxc6 18. Be5 Bf6 19. Bxf6 Nxf6 20. Rfd1 a6
21. Rd6=
1/2-1/2

[Event "Another standard tournament"]
[Site "SchemingMind.com"]
[Date "2004.12.09"]
[Round "-"]
[White "spoke"]
[Black "startstek"]
[Result "0-1"]
[WhiteCountry "GER"]
[BlackCountry "ALG"]
[WhiteElo "1757"]
[WhiteRD "65"]
[BlackElo "1851"]
[BlackRD "128"]
[GameID "6032"]

1. e4 e5 2. Nf3 Nc6 3. Bc4 Nf6 4. Ng5 d5 5. exd5 Na5 6. Bb5+ c6 7. dxc6 bxc6 8. Be2 h6 9. Nh3 Bd6 10. d4 Qc7
11. dxe5 Bxe5 12. f4 Bd6 13. Qd3 O-O 14. Bd2 Nb7 15. b4 Re8 16. Nc3 Bxh3 17. Qxh3 Bxf4 18. Bxf4 Qxf4 19. Qf3 Qxb4 20. O-O Qc5+
21. Kh1 Re3
0-1

[Event "Another standard tournament"]
[Site "SchemingMind.com"]
[Date "2004.12.09"]
[Round "-"]
[White "spoke"]
[Black "IncitatoX"]
[Result "1-0"]
[WhiteCountry "GER"]
[BlackCountry "ARG"]
[WhiteElo "1720"]
[WhiteRD "68"]
[BlackElo "1351"]
[BlackRD "93"]
[GameID "6033"]

1. e4 e5 2. Nf3 Nc6 3. Bc4 h6 4. d4 exd4 5. Nxd4 Ne5 6. Bb3 Nf6 7. O-O c5 8. Nf5 b5 9. c3 c4 10. Bc2 d5
11. exd5 Bc5 12. Nxg7+ Kf8 13. Nf5 Nxd5 14. Bxh6+ Ke8 15. Bg7 Rg8 16. Bxe5 Qg5 17. Qf3 Bxf5 18. Bxf5 Rd8 19. Bh7 Ke7 20. Bxg8 Rxg8
21. Qxd5 Bxf2+ 22. Rxf2
1-0

[Event "Another standard tournament"]
[Site "SchemingMind.com"]
[Date "2004.12.09"]
[Round "-"]
[White "spoke"]
[Black "refutor"]
[Result "1-0"]
[WhiteCountry "GER"]
[BlackCountry "CAN"]
[WhiteElo "1757"]
[WhiteRD "65"]
[BlackElo "1537"]
[BlackRD "54"]
[GameID "6034"]

1. d4 c6 2. e4 d5 3. e5 Bf5 4. Bd3 Bxd3 5. Qxd3 e6 6. Nf3 Ne7 7. O-O Nd7 8. b3 c5 9. c3 Nc6 10. Ba3 Be7
11. Re1 cxd4 12. Bxe7 Qxe7 13. cxd4 O-O 14. Nc3 Rac8 15. Rac1 h6 16. Nb5 Nb4 17. Qd2 Rxc1 18. Rxc1 a6 19. Nd6 Nc6 20. Nxb7 Ndxe5
21. Nxe5 Nxe5 22. dxe5 Qxb7 23. Qc3 Qb6 24. Qc7 Qxc7 25. Rxc7 f6 26. exf6 gxf6 27. Rc6 Kf7 28. Rxa6 Rc8 29. f3 f5 30. b4 Ke7
31. b5 d4 32. Rc6 Rxc6 33. bxc6 e5 34. Kf2 Kd6 35. Ke2 Kxc6 36. g4 fxg4 37. fxg4 e4 38. h4 Kd5 39. g5 d3+ 40. Ke3 Kc4
41. gxh6 Kc3 42. h7 d2 43. h8=Q+ Kc2 44. Qc8+
1-0

[Event "Another standard tournament"]
[Site "SchemingMind.com"]
[Date "2004.12.09"]
[Round "-"]
[White "spoke"]
[Black "rabbit"]
[Result "1-0"]
[WhiteCountry "GER"]
[BlackCountry "USA"]
[WhiteElo "1757"]
[WhiteRD "65"]
[BlackElo "1743"]
[BlackRD "150"]
[GameID "6035"]

1. d4 Nf6 2. c4 d5 3. cxd5 e6 4. Nf3 exd5 5. Bg5 Bb4+ 6. Nc3 O-O 7. a3 Ba5 8. b4 Bb6 9. Bxf6 Qxf6 10. Nxd5 Qd6
11. Nxb6 axb6 12. e3 Bg4 13. Bd3 Rxa3 14. Rb1 Bxf3 15. gxf3 Nc6 16. b5 Nb4 17. Rb3 Nxd3+ 18. Qxd3 Ra1+ 19. Rb1 Qb4+ 20. Ke2 Ra2+
21. Kf1 Rb2 22. Rxb2 Qxb2 23. Kg2 Rc8 24. Qf5 Ra8 25. Qd5 Rb8 26. Qd7 Qc3 27. d5 Qc5 28. Rd1 Qc2 29. d6 cxd6 30. Rxd6 Qc8
31. Qxc8+ Rxc8 32. Rxb6 Rb8 33. Rd6 f6 34. b6 h5 35. Rd7 Kh8 36. Kg3 Kh7 37. Kf4 Kg6 38. h4 Rc8 39. Rxb7 Rc4+ 40. e4 Rb4
41. Rb8 Kf7 42. b7 Rb3 43. Kg3 Kg6 44. Kg2 Kh7 45. f4 Kg6 46. e5 Kf5 47. e6 Kxe6 48. Re8+ Kf5 49. b8=Q Rxb8 50. Rxb8
1-0

[Event "Another standard tournament"]
[Site "SchemingMind.com"]
[Date "2004.12.09"]
[Round "-"]
[White "Gary"]
[Black "spoke"]
[Result "1/2-1/2"]
[WhiteCountry "ENG"]
[BlackCountry "GER"]
[WhiteElo "1711"]
[WhiteRD "62"]
[BlackElo "1720"]
[BlackRD "68"]
[GameID "6036"]

1. c4 c5 2. Nf3 Nc6 3. g3 e6 4. Bg2 Nge7 5. O-O g6 6. Nc3 Bg7 7. e3 O-O 8. a3 d5 9. cxd5 Nxd5 10. Qc2 b6
11. Rd1 Bb7 12. Ne2 Qc7 13. d4 cxd4 14. Nexd4 Rac8 15. Nxc6 Bxc6 16. Nd4 Ba8 17. Qd3 Qc4 18. Qxc4 Rxc4 19. b3 Bxd4 20. exd4 Rc3
21. b4 Rfc8 22. Bxd5 Bxd5 23. Be3 Bf3=
1/2-1/2

[Event "Another standard tournament"]
[Site "SchemingMind.com"]
[Date "2004.12.09"]
[Round "-"]
[White "startstek"]
[Black "spoke"]
[Result "1/2-1/2"]
[WhiteCountry "ALG"]
[BlackCountry "GER"]
[WhiteElo "1851"]
[WhiteRD "128"]
[BlackElo "1757"]
[BlackRD "65"]
[GameID "6037"]

1. e4 e5 2. Nf3 Nc6 3. Bb5 Bb4 4. c3 Ba5 5. O-O Nge7 6. d4 exd4 7. cxd4 d5 8. e5 O-O 9. Nc3 Bg4 10. Bg5 Bb6
11. Be3 Bxf3 12. gxf3 Nf5 13. Bxc6 bxc6 14. Kh1 Qh4 15. Rg1 h5 16. Ne2 Qh3 17. Nf4 Qh4 18. Ne2 Qh3=
1/2-1/2

[Event "Another standard tournament"]
[Site "SchemingMind.com"]
[Date "2004.12.09"]
[Round "-"]
[White "IncitatoX"]
[Black "spoke"]
[Result "0-1"]
[WhiteCountry "ARG"]
[BlackCountry "GER"]
[WhiteElo "1353"]
[WhiteRD "87"]
[BlackElo "1757"]
[BlackRD "65"]
[GameID "6038"]

1. e4 c5 2. Nf3 d6 3. c3 Nf6 4. h3 Nc6 5. d3 g6 6. Be2 Bg7 7. O-O O-O 8. Bg5 h6 9. Be3 b6 10. Qd2 Kh7
11. g4 g5 12. Kg2 Qd7 13. Nxg5+ hxg5 14. Bxg5 Ne5 15. f4 Ng6 16. f5 Ne5 17. h4 Nfxg4 18. Bxg4 Nxg4 19. Kg3 Ne5 20. h5 f6
21. h6 Bh8 22. Bf4 Rg8+ 23. Kh2 Ba6 24. Na3 Bxd3 25. Rg1 Nf3+
0-1

[Event "Another standard tournament"]
[Site "SchemingMind.com"]
[Date "2004.12.09"]
[Round "-"]
[White "refutor"]
[Black "spoke"]
[Result "0-1"]
[WhiteCountry "CAN"]
[BlackCountry "GER"]
[WhiteElo "1526"]
[WhiteRD "57"]
[BlackElo "1720"]
[BlackRD "68"]
[GameID "6039"]

1. Nf3 g6 2. d4 Bg7 3. g3 d6 4. Bg2 Nf6 5. Bg5 O-O 6. O-O c5 7. dxc5 dxc5 8. Qxd8 Rxd8 9. c3 Nc6 10. Nbd2 Bg4
11. e4 Bxf3 12. Bxf3 Ne5 13. Bxf6 Bxf6 14. Nb3 Nxf3+ 15. Kg2 Nd2 16. Rfe1 Nxb3 17. axb3 Rd2 18. Ra2 Bxc3
0-1